Hacienda pública : (Registro nro. 7878)
[ vista simple ]
| 000 -LEADER | |
|---|---|
| fixed length control field | 02084nam a2200325Ia 4500 |
| 003 - CONTROL NUMBER IDENTIFIER | |
| control field | OSt |
| 005 - DATE AND TIME OF LATEST TRANSACTION | |
| control field | 20210603112120.0 |
| 008 - FIXED-LENGTH DATA ELEMENTS--GENERAL INFORMATION | |
| fixed length control field | 210310s2007 ck ad gr 000 0dspa d |
| 020 ## - INTERNATIONAL STANDARD BOOK NUMBER | |
| International Standard Book Number | 9789589801048 |
| 040 ## - CATALOGING SOURCE | |
| Original cataloging agency | CO-JMCR |
| Transcribing agency | CO-JMCR |
| 041 0# - LANGUAGE CODE | |
| Language code of text/sound track or separate title | spa |
| 082 04 - DEWEY DECIMAL CLASSIFICATION NUMBER | |
| Classification number | 336.001 / |
| Item number | G984h |
| Edition number | 23 |
| 100 1# - MAIN ENTRY--PERSONAL NAME | |
| Personal name | Gutiérrez Londoño, Alfonso León, |
| 9 (RLIN) | 15703 |
| Relator term | autor |
| 245 10 - TITLE STATEMENT | |
| Title | Hacienda pública : |
| Remainder of title | un enfoque económico / |
| Statement of responsibility, etc. | Alfonso León Gutiérrez, Heriberto Escobar Gallo, Eber Elí Gutiérrez Londoño |
| 250 ## - EDITION STATEMENT | |
| Edition statement | Segunda edición |
| 260 ## - PUBLICATION, DISTRIBUTION, ETC. | |
| Place of publication, distribution, etc. | Medellín : |
| Name of publisher, distributor, etc. | Universidad de Medellín, |
| Date of publication, distribution, etc. | 2007 |
| 300 ## - PHYSICAL DESCRIPTION | |
| Extent | 608 páginas ; |
| Dimensions | 23 cm. |
| 500 ## - GENERAL NOTE | |
| General note | Incluye datos biográficos de los autores, notas a pie de página y glosario. |
| 504 ## - BIBLIOGRAPHY, ETC. NOTE | |
| Bibliography, etc. note | Bibliografía: páginas 603-608 |
| 505 0# - FORMATTED CONTENTS NOTE | |
| Formatted contents note | El sector público: un breve panorama -- Economía y estado -- Funciones de la Hacienda Pública -- Sistema tributario -- Imposición a los ingresos netos y al patrimonio -- Imposición a los consumos. Otros tributos -- Impuestos en Colombia Dirección de Impuestos y Aduanas Nacionales -DIAN- -- Gasto público -- Déficit público -- Presupuesto público: aspectos generales presupuesto público -- Descentralización y federalismo fiscal -- Hacienda pública internacional |
| 520 3# - SUMMARY, ETC. | |
| Summary, etc. | Este libro ofrece un refrescante discernimiento sobre los aspectos relevantes de la economía del sector público y la hacienda pública, desarrollado en cada uno de los capítulos temas propios de las finanzas del Estado, el gasto público, los ingresos públicos, el presupuesto público, el intervencionismo de Estado; además, plantea la fecundidad y originalidad de la public choice, federalismo fiscal una convincente justificación sobre el tamaño de sector público. |
| 650 14 - SUBJECT ADDED ENTRY--TOPICAL TERM | |
| Topical term or geographic name entry element | Hacienda pública |
| 9 (RLIN) | 15705 |
| 650 24 - SUBJECT ADDED ENTRY--TOPICAL TERM | |
| Topical term or geographic name entry element | Gastos públicos |
| 9 (RLIN) | 38072 |
| 650 24 - SUBJECT ADDED ENTRY--TOPICAL TERM | |
| Topical term or geographic name entry element | Impuestos |
| 9 (RLIN) | 38073 |
| 650 24 - SUBJECT ADDED ENTRY--TOPICAL TERM | |
| Topical term or geographic name entry element | Presupuesto nacional |
| 9 (RLIN) | 6938 |
| 650 24 - SUBJECT ADDED ENTRY--TOPICAL TERM | |
| Topical term or geographic name entry element | Déficit fiscal |
| 9 (RLIN) | 6796 |
| 700 1# - ADDED ENTRY--PERSONAL NAME | |
| Personal name | Escobar Gallo, Heriberto, |
| Relator term | autor |
| 9 (RLIN) | 38074 |
| 700 1# - ADDED ENTRY--PERSONAL NAME | |
| Personal name | Gutiérrez Londoño, Eber Elí, |
| Relator term | autor |
| 9 (RLIN) | 38075 |
| 942 ## - ADDED ENTRY ELEMENTS (KOHA) | |
| Source of classification or shelving scheme | Dewey Decimal Classification |
| Koha item type | Books |
| Withdrawn status | Lost status | Source of classification or shelving scheme | Damaged status | Not for loan | Collection code | Home library | Current library | Date acquired | Source of acquisition | Total Checkouts | Full call number | Barcode | Date last seen | Date last checked out | Copy number | Koha item type |
|---|---|---|---|---|---|---|---|---|---|---|---|---|---|---|---|---|
| Dewey Decimal Classification | Non-fiction | Biblioteca Pública José María del Castillo y Rada | Biblioteca Pública José María del Castillo y Rada | 04/15/2018 | Donación | 4 | 336.001 / G984h | 430000184 | 04/29/2025 | 04/21/2025 | Ej.1 | Books |